000 01007nam a22003017a 4500
003 CHAP
005 20220329135627.0
008 971013s1977 r 00010 d
010 _a39570
011 _a40542
035 _a44668
040 _cCHAP
082 _a627.8
_bE88
110 _aE.U.A. Bureau of Reclamation
_934862
245 _aDesing of arch dams ; desing manual for concrete arch dams
260 _aDenver, Col. :
_bGovernment Printing Office,
_c1977
300 _a882 p.
_b: ilus. ; gráfs.
490 _aA water resources technical publication
590 _aBATCH-UPD
_b10
_c20130110
_lUCH01
_h1422
590 _aCONVERSION
_b10
_c20130109
_lUCH01
_h1322
650 1 4 _aConcreto.
_926302
650 1 4 _aPresas.
_991480
830 0 _aA water resources technical publication
_9100
901 _aBK
942 _cLIBRO
949 _a627.8 E88
_bBC
_cLIBRO
_d33724000022752
_eLIBRO
_fc.2
_h51198
_i44668
_si
_t257.40
949 _a627.8 E88
_bBC
_cLIBRO
_d33724000022760
_eLIBRO
_h51197
_i44668
_si
_t257.40
999 _c39570
_d39570